000 00655nam a22001937a 4500
003 DO-CoUTE
005 20230901143423.0
008 230901b dr ||||| |||| 00| 0 spa d
020 _a0-8477-2497-2
040 _aDO-CoUTE
_bspa
_cDO-CoUTE
100 1 _aAgramonte, Roberto Daniel
_eautor
245 1 0 _aLas doctrinas educativas y políticas de Martí /
_cRoberto Daniel Agramonte
250 _aPrimera edición
260 _aEstados unidos :
_bEditorial de la Universidad de Puerto Rico,
_c1991
300 _a662 páginas :
_c16x24cm
504 _aIncluye referencia bibliográfica e índice
650 4 _aAdministración educativa
942 _2ddc
_cBK
999 _c23014
_d23014